Języki według połączonych flag - Statystyki

Ogólne statystyki
  • Ten quiz został rozwiązany 6 821 razy
  • Średni wynik to 11 z 16
Statystyki odpowiedzi
Obrazkowy Odpowiedź % Poprawnych
Niemiecki
100%
Angielski
99%
Francuski
99%
Hiszpański
99%
Portugalski
99%
Rosyjski
99%
Włoski
99%
Chiński (Mandaryński i Katoński )
92%
Koreański
88%
Szwedzki
79%
Kataloński
64%
Niderlandzki
55%
Serbsko-Chorwacki
26%
Suahili
25%
Afrykanerski
21%
Tigrinia
5%
Nie znaleziono quizów pasujących do podanych kryteriów
Rozkład punktacji
Procent ludzi z każdym wynikiem
Percentyl według liczby udzielonych odpowiedzi
Twoja historia wyników
Nie rozwiązałeś tego quizu